राष्ट्र-पुत्र यश वन्त / (Record no. 206451)

MARC details
000 -LEADER
fixed length control field 01001nam a22001937a 4500
005 - DATE AND TIME OF LATEST TRANSACTION
control field 20241017111707.0
010 ## - LCCN (DPL NO)
LC control number HIN-128657
020 ## - INTERNATIONAL STANDARD BOOK NUMBER
Terms of availability 650.00
International Standard Book Number 9789383954360
035 ## - SYSTEM CONTROL NUMBER
System control number HN-101003
037 ## - SOURCE OF ACQUISITION
Source of stock number/acquisition DBAD
082 ## - DEWEY DECIMAL CLASSIFICATION NUMBER
Classification number 821.08
100 ## - MAIN ENTRY--PERSONAL NAME
Personal name देवेन्द्र देव
245 ## - TITLE STATEMENT
Title राष्ट्र-पुत्र यश वन्त /
Statement of responsibility, etc देवेन्द्र देव
250 ## - EDITION STATEMENT
Edition statement प्रथम
260 ## - PUBLICATION, DISTRIBUTION, ETC. (IMPRINT)
Place of publication, distribution, etc फ़रीदाबाद
Name of publisher, distributor, etc रंजन पब्लिकेशन
Date of publication, distribution, etc 2017
270 ## - ADDRESS
City फ़रीदाबाद
Address बी-529,एकता एन्कलेव , बाबा सूरदास कॉलोनी (पत्थर वाली बाउन्ड्री) निकट बाला जी अस्पताल , तिलपत
Electronic mail address ranjanpublication@gmail.com
Telephone number 8447244459
Postal code 121003
300 ## - PHYSICAL DESCRIPTION
Extent 203पृ.
Dimensions 22सेमी. (अजिल्द)
942 ## - ADDED ENTRY ELEMENTS (KOHA)
Source of classification or shelving scheme Dewey Decimal Classification
Item type Hindi Books
Classification part 821.08
Call number suffix देवेन्द्र
Holdings
Withdrawn status Lost status Not for loan Collection code Home library Current library Date acquired Source of acquisition Cost, normal purchase price Full call number Barcode Copy number Cost, replacement price Koha item type
      Non-fiction Bawana Bawana 17/10/2024 DBAD 650.00 821.08 देवेन्द्र HN-101003 1 650.00 Hindi Books

© Delhi Public Library
Hit Counter
free hit counter